call of duty waw to black ops 3 zombie quiz - Statistics

General Stats
  • This quiz has been taken 23 times
    19 since last reset
  • The average score is 38 of 249
Answer Stats
Hint Answer % Correct
Buried
85%
perks Juggernog
85%
Kino der Toten
85%
Shi No Numa
85%
Speed Cola
85%
Stamin Up
85%
The Giant
85%
Ascension
77%
bus depot
77%
Call of the Dead
77%
Der Eisendrache
77%
Der Riese
77%
Die Rise
77%
Electric Cherry
77%
farm
77%
five
77%
Gorod Krovi
77%
Mob of the Dead
77%
moon
77%
Mule Kick
77%
maps Nacht der Untoten
77%
Origins
77%
PhD Flopper
77%
Quick Revive
77%
Revelations
77%
Shadows of Evil
77%
Shangri La
77%
town
77%
tranzit
77%
Verruckt
77%
Widow's Wine
77%
Zetsubou No Shima
77%
Double Tap Root Beer
69%
Perkaholic
69%
Who's Who
69%
Dead Ops Arcade
62%
Deadshot Daiquiri
62%
nuketown
62%
Tombstone Soda
62%
Vulture Aid
62%
Shopping Free
46%
what gumballs are calles gobblegum
38%
In Plain Sight
38%
Der Wunderfizz
31%
Sword Flay
31%
Alchemical Antithesis
23%
Board Games
23%
Little Lost Girl
23%
Now You See Me
23%
wonder weapons Thundergun
23%
Aftertaste
15%
Arms Grace
15%
Cache Back
15%
Fatal Contraption
15%
Lucky Crit
15%
My Brother's Keeper
15%
On the House
15%
Pop Goes the Weasel
15%
Power Vacuum
15%
Thrustodyne Aeronautics Model 23
15%
Winter’s How
15%
31-79 JGb215
8%
all gumballs Always Done Swiftly
8%
Armamental Accomplishment
8%
Arsenal Accelerator
8%
Big Bang Theory
8%
Blundergat
8%
Burned Out
8%
Coagulant
8%
Danger Closest
8%
Dead of Nuclear Winter
8%
Don't Fire Until You See
8%
Firing On All Cylinders
8%
Flavor Hexed
8%
GKZ-45 Mk3
8%
High Maintenance
8%
Idle Eyes
8%
Impatient
8%
KT-4
8%
Kung Fu Grip
8%
Near Death Experience
8%
Newtonian Negation
8%
Paralyzer
8%
Phoenix Up
8%
Projectile Vomiting
8%
Reign Drops
8%
Respin Cycle
8%
Round Robbin'
8%
Scavenger
8%
Secret Shopper
8%
Standard Equipment May Vary
8%
Stock Option
8%
Tower Of Babble
8%
V-R11
8%
Wave Gun
8%
Who's Keeping Score?
8%
Wrath of the Ancients
8%
A Burst of Flavor
0%
Acid Drip
0%
All Your Base
0%
Apothicon Servant
0%
Apothicon Sword
0%
Assault with Battery
0%
Awaken the Gazebo
0%
Beat CoP
0%
Blinded By The Fright
0%
Blown Away
0%
Bullet Boost
0%
Candygram
0%
Chimp on the Barbie
0%
Crate Power
0%
Crawl Space
0%
Crop Duster
0%
Cryogenic Slumber Party
0%
Dance On My Grave
0%
Death From Above
0%
Death From Below
0%
Der Meisterbogenschuetze
0%
Disorderly Combat
0%
Dragon Strike
0%
Easy Rhino
0%
Ectoplasmic Residue
0%
Ensemble Cast
0%
Ephemeral Enhancement
0%
Facing The Dragon
0%
Fear in Headlights
0%
Feed the Beast
0%
Fire Mission
0%
Fling Me to the Moon
0%
From the Shadows
0%
FSIRT Against the Wall
0%
Fuel Efficient
0%
Full Lockdown
0%
Fully Armed and Operational
0%
Gauntlet of Siegfried
0%
Gersh Device
0%
GG Bridge
0%
Golden Spork
0%
Ground Control
0%
G-Strike
0%
Hands Off the Merchandise
0%
Happy Hour
0%
Head Drama
0%
Hell’s Retriever
0%
Herbal Remedy
0%
I Don't Think They Exist
0%
I'm Feeling Lucky
0%
Immolation Liquidation
0%
I'm My Own Best Friend
0%
I'm on a Tank
0%
I'm Your Huckleberry
0%
achievments Insert Coin
0%
In the Belly of the Beast
0%
Iron Lung
0%
I See Live People
0%
Killing Time
0%
Kill Joy
0%
Licensed Contractor
0%
Li’l Arnie
0%
Love and War
0%
Mad Without Power
0%
Making the Rounds
0%
Margwa Party
0%
Master of Disguise
0%
Master Wizard
0%
Matryoshka Dolls
0%
Mazed and Confused
0%
Mind Blown
0%
Mined Games
0%
Monkey See, Monkey Don't
0%
Monkey See, Monkey Doom
0%
None Left Standing
0%
No One Escapes Alive
0%
Not a Gold Digger
0%
Not Big Enough
0%
Not One Inch
0%
Not out of Gobblegum
0%
One Giant Leap
0%
One Inch Punch
0%
One Small Hack for a Man
0%
One Too Many
0%
Overachiever
0%
Paranormal Progress
0%
Parasite-Seeing
0%
Perks in Spaaaaace
0%
Playing with Power
0%
Polyarmory
0%
Pop Shocks
0%
Profit Sharing
0%
Quantum Entanglement Device
0%
Quick Off Your Feet
0%
Quiet on the Set
0%
Ragnarok DG-4
0%
Revisionist Historian
0%
Rocket shield
0%
Sacrificial Lamb
0%
Sanguine Serum
0%
Saving the Day... All Day
0%
Seeds of Doubt
0%
See Me, Stab Me, Heal Me
0%
Sekhmet’s Vigor
0%
Self Medication
0%
Shafted
0%
Shooting on Location
0%
Silverback In Black
0%
Skull of Nan Sapwe
0%
Slaughter Slide
0%
Slippery When Undead
0%
Sliquifier
0%
Small Consolation
0%
Sorry, we're DEAD
0%
Space Race
0%
Spider Bait
0%
Staff of Fire
0%
Staff of Ice
0%
Staff of Lightning
0%
Staff of Wind
0%
Stand-in
0%
Strike
0%
Stuntman
0%
Take a Bow
0%
Taking Flight
0%
Temporal Gift
0%
That's a lot of Jigawatts
0%
The Beginning of the End
0%
The Collector
0%
The Eagle has Landers
0%
The Lights Of Their Eyes
0%
The Spider and the Fly
0%
The Ultimate Sacrifice
0%
They are going THROUGH
0%
Time Attack
0%
Time to Slam
0%
Time Travel Will Tell
0%
Trapped in Time
0%
Unbearable
0%
Undead Man's Party Bus
0%
Undead Man Walking
0%
Unquenchable
0%
Vaporeyezed
0%
Vertigoner
0%
Viktorious Revenge
0%
Wall Power
0%
Web of Defeat
0%
When the Revolution Comes
0%
Wield a Fist of Iron
0%
You Have No Power Over Me
0%
Zomb Disposal
0%
Zombiepult
0%
No matching quizzes found
Score Distribution
Percent of People with Each Score
Percentile by Number Answered
Your Score History
You have not taken this quiz since the last reset